| 000 | 00617cam a2200241 4500 | ||
|---|---|---|---|
| 008 | 090401t1997 xxu||||| |||| 00| 0 eng d | ||
| 020 | _a1853394009 | ||
| 035 | _a(Sirsi) u78399 | ||
| 041 | _aeng | ||
| 050 | _a333.32 | ||
| 100 | _aPayne, Geoffrey | ||
| 245 | _aUrban land tenure and property rights in developing countries: a review. | ||
| 260 |
_bIntermediate Technology _c1997 |
||
| 300 | _a73p. ; 30cm. | ||
| 350 | _a12.95 | ||
| 650 | _aDEVELOPING COUNTRIES | ||
| 650 | _aLAND TENURE | ||
| 650 | _aPROPERTY RIGHTS | ||
| 650 | _aURBAN LAND | ||
| 690 | _aLAND | ||
| 942 | _n0 | ||
| 948 | _c19/05/1997 | ||
| 999 |
_c96438 _d96438 |
||